[Event "FRA-chT"]
[Site "?"]
[Date "1992.??.??"]
[Round "?"]
[White "Murrey, Jacob"]
[Black "Gurevich, Mikhail"]
[Result "1-0"]
[WhiteElo "2445"]
[BlackElo "2635"]

1.e4 e6 2.d4 d5 3.Nc3 Nf6 4.e5 Nfd7 5.f4 c5 6.Nf3 Nc6 7.Be3 cxd4 8.Nxd4 Bc5
9.a3 O-O 10.Qd2 a6 11.g3 Nxd4 12.Bxd4 b5 13.Ne2 Qc7 14.Bg2 Nb6 15.b3 a5 16.Qc3 Nd7
17.Bxc5 Nxc5 18.O-O Ra7 19.Nd4 Qb6 20.Qe3 Rc7 21.Rac1 b4 22.a4 Ba6 23.Rfe1 Rfc8
24.Rcd1 g6 25.g4 Rd7 26.f5 Qd8 27.Qh6 Qf8 28.Qf4 Qd8 29.Rd2 Qh4 30.Nf3 Qd8
31.Qh6 Qf8 32.Qh4 Ne4 33.fxg6 f5 34.exf6 hxg6 35.Rxe4 Rh7 36.Qg5 dxe4 37.Qxg6+ Kh8
38.Ng5 Rcc7 39.Nxh7 Rxh7 40.Bxe4 Rh4 41.Rd8  1-0

[Event "Gent op"]
[Site "Gent"]
[Date "1992.??.??"]
[Round "2"]
[White "Dorenberg, Gaston"]
[Black "Gurevich, Mikhail"]
[Result "0-1"]
[WhiteElo "2310"]
[BlackElo "2635"]

1.e4 d6 2.d4 Nf6 3.Nc3 g6 4.f4 Bg7 5.Nf3 c5 6.Bb5+ Bd7 7.e5 Ng4 8.e6 Bxb5
9.exf7+ Kd7 10.Ng5 h5 11.Qf3 Nc6 12.d5 Bxc3+ 13.bxc3 Qa5 14.Bd2 Qa4 15.dxc6+ bxc6
16.h3 Nh6 17.Kd1 Qc4 18.a4 Ba6 19.Re1 Nxf7 20.Qe3 Rae8 21.Ne6 Nh6 22.g4 hxg4
23.hxg4 Nxg4 24.Qg3 Nf6 25.Qxg6 Qd5 26.Ng7 Reg8 27.c4 Bxc4 28.Rb1 Ba6 29.c4 Qh5+
30.Nxh5 Rxg6 31.f5 Rg4 32.Nf4 Rh2 33.Rb8 Rxd2+ 34.Kxd2 Rxf4 35.Ra8 Rd4+ 36.Kc2 Rxc4+
37.Kd1 Nd5 38.Rxa7+ Nc7 39.f6 exf6 40.Rh1 Rxa4 41.Rh7+ Ke6 42.Raxc7 Bd3 43.Rce7+ Kd5
44.Rh5+ f5 45.Rh6 Re4  0-1

[Event "Gent op"]
[Site "Gent"]
[Date "1992.??.??"]
[Round "9"]
[White "Gurevich, Mikhail"]
[Black "Klarenbeek, Hans"]
[Result "1-0"]
[WhiteElo "2635"]
[BlackElo "2415"]

1.d4 Nf6 2.c4 e6 3.Nc3 Bb4 4.Qc2 O-O 5.Nf3 d6 6.a3 Bxc3+ 7.Qxc3 b6 8.g3 Bb7
9.Bg2 c5 10.dxc5 bxc5 11.O-O Nbd7 12.b4 cxb4 13.axb4 Qc7 14.Bb2 Rfc8 15.Rfc1 Nb6
16.c5 dxc5 17.bxc5 Nbd5 18.Qd2 Qe7 19.Bd4 Ne4 20.Qb2 f6 21.Nh4 f5 22.Nf3 a5
23.Ne5 Nb4 24.Nc4 Nxc5 25.Nxa5 Ne4 26.Nxb7 Rxa1 27.Rxa1 Qxb7 28.Bxe4 fxe4  1-0

[Event "Groningen"]
[Site "Groningen"]
[Date "1992.??.??"]
[Round "1"]
[White "Gurevich, Mikhail"]
[Black "Klovans, Janis"]
[Result "1-0"]
[WhiteElo "2625"]
[BlackElo "2470"]

1.d4 d5 2.c4 e6 3.Nc3 Nf6 4.Bg5 Be7 5.Nf3 O-O 6.e3 h6 7.Bh4 b6 8.Be2 Bb7
9.Bxf6 Bxf6 10.cxd5 exd5 11.b4 Re8 12.Qb3 c6 13.O-O Na6 14.b5 Nc7 15.bxc6 Bxc6
16.a4 Qd7 17.Rfc1 Rec8 18.h3 Rab8 19.Ne1 Be7 20.Nd3 Bd6 21.Bg4 f5 22.Bf3 Kh8
23.Qa2 Bb7 24.Rd1 Qe6 25.g3 Rd8 26.Re1 g5 27.Qb2 Re8 28.Rec1 Qf6 29.Nb5 Nxb5
30.axb5 f4 31.exf4 gxf4 32.g4 Ra8 33.Re1 Re4 34.Ne5 Bxe5 35.dxe5 Rxe1+ 36.Rxe1 Qe6
37.Qd4 Rf8 38.Ra1  1-0

[Event "Groningen"]
[Site "Groningen"]
[Date "1992.??.??"]
[Round "5"]
[White "Nijboer, Friso"]
[Black "Gurevich, Mikhail"]
[Result "1-0"]
[WhiteElo "2485"]
[BlackElo "2625"]

1.e4 e6 2.d4 d5 3.Nc3 Nf6 4.e5 Nfd7 5.f4 c5 6.Nf3 Nc6 7.Be3 cxd4 8.Nxd4 Bc5
9.Qd2 Nxd4 10.Bxd4 Bxd4 11.Qxd4 Qb6 12.Qxb6 Nxb6 13.Bd3 Ke7 14.O-O-O Bd7
15.Rhf1 Bc6 16.Ne2 f6 17.exf6+ gxf6 18.Nd4 Kd6 19.Rde1 Rae8 20.g4 Rhg8 21.h3 h6
22.Rf3 Bd7 23.Bb5 Re7 24.Bxd7 Kxd7 25.Rfe3 Rge8 26.b3 a6 27.Kb2 Kd6 28.Rd1 Kc7
29.a4 Nc8 30.f5 exf5 31.Rc3+ Kb8 32.Nxf5 Rh7 33.Rxd5 h5 34.Rcd3 hxg4 35.hxg4 Rh2
36.Rd8 Rhe2 37.R3d7 Rxd8 38.Rxd8 Kc7 39.Rf8  1-0

[Event "Helsinki op"]
[Site "Helsinki"]
[Date "1992.??.??"]
[Round "1"]
[White "Arakhamia, Ketevan"]
[Black "Gurevich, Mikhail"]
[Result "1-0"]
[WhiteElo "2435"]
[BlackElo "2625"]

1.e4 e6 2.d4 d5 3.Nc3 Nf6 4.e5 Nfd7 5.f4 c5 6.Nf3 Nc6 7.Be3 cxd4 8.Nxd4 Bc5
9.Qd2 O-O 10.O-O-O Nxd4 11.Bxd4 a6 12.h4 b5 13.Rh3 b4 14.Na4 Bxd4 15.Qxd4 Qa5
16.b3 Bb7 17.Rg3 Rfc8 18.Rd2 Bc6 19.f5 Qc7 20.f6 g6 21.Qf4 Kh8 22.Re3 Bxa4
23.bxa4 Nc5 24.h5 Ne4 25.Rxe4 dxe4 26.hxg6 fxg6 27.f7 Qe7 28.Rd7 g5 29.Qf2 e3
30.Qf3 e2 31.Bxe2 g4 32.Qf4 Qh4 33.g3 Qh1+ 34.Kb2  1-0

[Event "Helsinki op"]
[Site "Helsinki"]
[Date "1992.??.??"]
[Round "8"]
[White "Gurevich, Mikhail"]
[Black "Geller, Efim P"]
[Result "1-0"]
[WhiteElo "2625"]
[BlackElo "2525"]

1.c4 e6 2.Nc3 d5 3.d4 Be7 4.Bf4 Nf6 5.e3 O-O 6.Nf3 c5 7.dxc5 Bxc5 8.Be2 dxc4
9.Bxc4 a6 10.Qe2 b5 11.Bd3 Bb7 12.O-O Nbd7 13.Rfd1 Qb6 14.Bg3 Be7 15.a4 b4
16.a5 Qc5 17.Nb1 Qh5 18.Nbd2 Nc5 19.Bc4 Rfc8 20.Nd4 Qg6 21.f3 Nfd7 22.e4 h5
23.Bf4 h4 24.h3 Bg5 25.Bxg5 Qxg5 26.Qf2 Nf6 27.Bf1 Nh5 28.Nc4 Nf4 29.Kh1 Rd8
30.Nc2 Nxe4 31.fxe4 Bxe4 32.Nxb4 Nxh3 33.Qe3 Qxe3 34.Rxd8+  1-0

[Event "Manila ol (Men)"]
[Site "Manila"]
[Date "1992.??.??"]
[Round "?"]
[White "El Taher, Fouad"]
[Black "Gurevich, Mikhail"]
[Result "0-1"]
[WhiteElo "2400"]
[BlackElo "2635"]

1.e4 d6 2.d4 Nf6 3.Nc3 g6 4.Nf3 Bg7 5.h3 O-O 6.Be3 a6 7.a4 b6 8.Bc4 e6 9.O-O Bb7
10.e5 dxe5 11.Nxe5 Nc6 12.Nxc6 Bxc6 13.Qe2 Qc8 14.Rad1 Qb7 15.f3 Rfe8 16.Rfe1 Nd5
17.Bxd5 exd5 18.Qd2 Bd7 19.b3 Qc6 20.Bf4 Bf5 21.Rxe8+ Rxe8 22.g4 Bc8 23.Ne2 a5
24.c3 b5 25.Ra1 bxa4 26.Rxa4 Qb5 27.Nc1 Ba6 28.c4 dxc4 29.Qxa5 Qc6 30.Kg2 cxb3
31.Nxb3 Bb5 32.Rb4 Qc2+ 33.Kg3 c6 34.Nd2 Qd3 35.Qa1 c5 36.Rb3 Qe2 37.Qb1 Bxd4
38.h4 Qf2+ 39.Kh3 h5 40.Rxb5 hxg4+  0-1

[Event "Manila ol (Men)"]
[Site "Manila"]
[Date "1992.??.??"]
[Round "?"]
[White "Mortensen, Erling"]
[Black "Gurevich, Mikhail"]
[Result "1/2-1/2"]
[WhiteElo "2430"]
[BlackElo "2635"]

1.e4 e6 2.d4 d5 3.Nc3 Nf6 4.e5 Nfd7 5.Nce2 c5 6.c3 Nc6 7.Nf3 Qa5 8.Bd2 Qb6
9.Rb1 Be7 10.g3 cxd4 11.cxd4 f6 12.exf6 Nxf6 13.Bg2 O-O 14.O-O Bd7 15.b4 a6
16.a3 Rae8 17.Bf4 Ne4 18.Qb3 Bf6 19.Be3 Ne7 20.Nc3 Nxc3 21.Qxc3 Rc8 22.Qd2 Nf5
23.Rfe1 Rc7 24.Bh3 Nxe3 25.Qxe3 Kh8 26.Rbc1 Rxc1 27.Rxc1 a5 28.Ne5 Bxe5 29.Qxe5 Bc6
30.Qd6 Re8 31.Rd1 axb4 32.axb4 Rd8 33.Qc5 Qxc5 34.bxc5 Rc8 35.Re1 Bd7 36.f4 g6
37.Ra1 Kg7 38.Bf1 Kf6 39.Kf2 g5 40.Bd3 gxf4 41.gxf4 Rg8 42.h3 h5 43.Rg1 Rxg1
44.Kxg1 h4 45.Kf2 Be8 46.Ke3 Bh5 47.Bb5 Bg6 48.Bd7 Bf5 49.Bc8 Bxh3 50.Bxb7 Ke7
51.Kf2 Bf5 52.Ba6 Kd7 53.Bb5+ Ke7 54.Kg2 Bg4 55.Kh2 Kd8 56.Bf1 Ke7 57.Bh3 Bh5
58.Kg1 Bd1 59.Kh2 Be2 60.Kg2 Bd1 61.Kf2 Bh5 62.Ke3 Bd1 63.f5  1/2-1/2

[Event "Manila ol (Men)"]
[Site "Manila"]
[Date "1992.??.??"]
[Round "?"]
[White "Kakageldyev, Amanmurad"]
[Black "Gurevich, Mikhail"]
[Result "1/2-1/2"]
[WhiteElo "2350"]
[BlackElo "2635"]

1.d4 Nf6 2.c4 e6 3.Nc3 Bb4 4.Qc2 c5 5.dxc5 Bxc5 6.Nf3 Qb6 7.e3 Qc7 8.Be2 a6
9.O-O Be7 10.b3 b6 11.Bb2 Bb7 12.Rac1 d6 13.Nd4 Nbd7 14.Bf3 O-O 15.Qe2 Rfc8
16.Rfd1 Ne5 17.Bxb7 Qxb7 18.f4 Nc6 19.Nf3 Rab8 20.Ng5 h6 21.Nge4 Ne8 22.Ng3 b5
23.cxb5 axb5 24.f5 Bf6 25.fxe6 fxe6 26.Nce4 Bxb2 27.Qxb2 Qb6 28.Qe2 Ne5 29.h3 d5
30.Nf2 Nf6 31.Re1 b4 32.Rxc8+ Rxc8 33.Nh5 Nxh5 34.Qxh5 Qd6 35.Ng4 Nf3+ 36.gxf3 Qg3+
37.Kf1 Qxf3+ 38.Kg1 Qg3+ 39.Kf1 Rc2 40.Nxh6+ gxh6 41.Qe8+ Kh7 42.Qf7+ Qg7
43.Qxg7+ Kxg7 44.Rd1 Rxa2 45.Rd4 Rh2 46.e4 Rxh3 47.exd5 exd5 48.Rxb4 Kf6
49.Rb8 Ke5 50.b4 Kd4 51.b5 Kd3 52.b6 Rf3+ 53.Ke1 Re3+ 54.Kf1 Re7 55.Rh8 Rf7+
56.Ke1 Re7+ 57.Kf1 Kd4 58.Rxh6 Kc5  1/2-1/2

[Event "Alekhine op"]
[Site "Moscow"]
[Date "1992.??.??"]
[Round "?"]
[White "Sakaev, Konstantin"]
[Black "Gurevich, Mikhail"]
[Result "1/2-1/2"]
[WhiteElo "2540"]
[BlackElo "2625"]

1.d4 d5 2.c4 c6 3.Nf3 Nf6 4.Nc3 e6 5.Bg5 h6 6.Bxf6 Qxf6 7.e3 Nd7 8.Bd3 Qd8
9.O-O Be7 10.e4 dxc4 11.Bxc4 b5 12.Bb3 b4 13.Na4  1/2-1/2

[Event "Alekhine op"]
[Site "Moscow"]
[Date "1992.??.??"]
[Round "?"]
[White "Rashkovsky, Nukhim N"]
[Black "Gurevich, Mikhail"]
[Result "0-1"]
[WhiteElo "2530"]
[BlackElo "2625"]

1.d4 Nf6 2.Nf3 e6 3.c4 d5 4.e3 Nbd7 5.Nbd2 Be7 6.Bd3 b6 7.O-O Bb7 8.cxd5 exd5
9.b3 O-O 10.Bb2 Bd6 11.Ne5 Qe7 12.f4 Ne4 13.Nxe4 dxe4 14.Be2 Nf6 15.Nc4 Rfd8
16.Nxd6 Qxd6 17.a4 a5 18.Ba3 Qd7 19.Bb5 c6 20.Bc4 Ba6 21.Qd2 Bxc4 22.bxc4 b5
23.Rfc1 bxc4 24.Rxc4 Nd5 25.Rac1 Qb7 26.R1c2 Qb3 27.Bc1 h6 28.Rxc6 Nb4 29.R2c3 Qxa4
30.R6c5 Nd3 31.Rc7 Rd7 32.Rc8+ Rxc8 33.Rxc8+ Kh7 34.h3 Rb7 35.Kh2 Rb1 36.d5 Qd7
37.Rc4 Qxd5 38.Rd4 Qb5 39.Rxe4 Nxc1 40.Rd4 Qb7 41.Qc2+ g6 42.e4 Qb3 43.Qd2 Qb2
44.Qe3 Qe2 45.Qg3 Qb5 46.f5 g5 47.Rd8 Qb2 48.e5 Ne2 49.Qe3 Qb6 50.Qxe2 Qxd8
51.g3  0-1

[Event "Moscow rapid"]
[Site "Moscow"]
[Date "1992.??.??"]
[Round "?"]
[White "Gurevich, Mikhail"]
[Black "Ivanov, Alexander"]
[Result "0-1"]
[WhiteElo "2625"]
[BlackElo "2545"]

1.d4 Nf6 2.c4 e6 3.Nc3 Bb4 4.Qc2 c5 5.dxc5 O-O 6.Nf3 Na6 7.g3 Nxc5 8.Bd2 b6
9.Bg2 Bb7 10.O-O Rc8 11.Rfd1 Qe7 12.Bf4 d5 13.cxd5 exd5 14.Nb5 Nce4 15.Qb3 Bc5
16.Nbd4 Ng4 17.Rf1 Qf6 18.Rad1 g5 19.Bc1 Ngxf2 20.Rxf2 Bxd4 21.e3 Nxf2 22.Kxf2 Bc5
23.Kg1 Rcd8 24.Nd4 Ba6 25.Qc2 Rc8 26.Qa4 Bxd4 27.exd4 Be2 28.Re1 Rc4 29.Qa3 Rc2
30.Qe3 Bb5 31.Qxg5+ Qxg5 32.Bxg5 Re8 33.Rxe8+ Bxe8 34.Bxd5 Bc6 35.Bb3 Rg2+
36.Kf1 Rxh2 37.d5 Bxd5 38.Bxd5 Rh5 39.Bxf7+ Kxf7 40.Be3 Ke6 41.Ke2 Rh2+ 42.Bf2 Kf5
43.Kf3 h5 44.a4 Rh1 45.a5 bxa5 46.Bxa7 a4 47.Bd4 Rd1 48.Bh8 Rd3+ 49.Kf2 Kg4
50.Be5 Rf3+ 51.Kg2 Re3 52.Bd4 Re2+ 53.Kf1 Kf3 54.Bg7 Rh2 55.Kg1 Rg2+ 56.Kh1 Rxg3
57.Bh8 Rg2 58.Bc3 Rc2 59.Bd4 h4 60.Be5 Re2 61.Bc3 Kg3 62.Kg1 h3 63.Kh1 h2
64.b4 Kh3 65.b5 Rf2  0-1

[Event "Alekhine op"]
[Site "Moscow"]
[Date "1992.??.??"]
[Round "?"]
[White "Gurevich, Mikhail"]
[Black "Sveshnikov, Evgeny"]
[Result "0-1"]
[WhiteElo "2625"]
[BlackElo "2525"]

1.g3 d5 2.Bg2 e5 3.c4 c6 4.cxd5 cxd5 5.Qb3 Nf6 6.Nc3 Nc6 7.Nxd5 Nd4 8.Nxf6+ Qxf6
9.Qd3 Bd7 10.e3 Bc6 11.Be4 O-O-O 12.Qb1 Qe6 13.f3 f5 14.Bxc6 Nxc6 15.Ne2 h5
16.a3 h4 17.g4 fxg4 18.Qe4 gxf3 19.Ng1 Nd4 20.exd4 f2+ 21.Kxf2 Rxd4 22.Qc2+ Rc4
23.Qd3 Qc6 24.Qf5+ Kb8 25.Nf3 Rf4 26.Qxe5+ Bd6 27.Qc3 Bc5+ 28.Ke2 Rxf3 29.Qe5+ Bd6
30.Qxg7 Rhf8 31.Rg1 Qe4+  0-1

[Event "Clichy"]
[Site "Clichy"]
[Date "1993.??.??"]
[Round "6"]
[White "Renet, Olivier"]
[Black "Gurevich, Mikhail"]
[Result "1/2-1/2"]
[WhiteElo "2535"]
[BlackElo "2610"]

1.d4 Nf6 2.c4 e6 3.Nf3 b6 4.g3 Ba6 5.b3 Bb7 6.Bg2 Bb4+ 7.Bd2 Be7 8.O-O O-O
9.Nc3 d5 10.cxd5 exd5 11.Ne5 Na6 12.Nd3 c5 13.Rc1 cxd4 14.Nb5 Ne4 15.Nxd4 Bf6
16.Be3 Qe7 17.Nb5 Qd7 18.a4 Rfd8 19.Bd4 Qe7 20.Qc2 Bxd4 21.Nxd4 Nac5 22.Nxc5 Nxc5
23.b4 Ne6 24.Nxe6 fxe6 25.Qc7 Rd7 26.Qe5 Qf6 27.f4 Rad8 28.b5 h6 29.Rc2 Qxe5
30.fxe5 d4 31.Bxb7 Rxb7 32.Rc6 Re7 33.Rd1 Rd5 34.Kf2 Rf7+ 35.Ke1 Re7 36.Rd6 Rxe5
37.R1xd4 Rf7  1/2-1/2

[Event "Clichy"]
[Site "Clichy"]
[Date "1993.??.??"]
[Round "9"]
[White "Gurevich, Mikhail"]
[Black "Prie, Eric"]
[Result "1-0"]
[WhiteElo "2610"]
[BlackElo "2470"]

1.d4 d5 2.c4 e6 3.Nf3 c6 4.e3 Nd7 5.Nbd2 Ngf6 6.Bd3 b6 7.O-O Bb7 8.e4 dxe4
9.Nxe4 Be7 10.Qe2 O-O 11.Rd1 Qc7 12.Bg5 c5 13.Bc2 Rfe8 14.dxc5 Bxe4 15.Bxe4 Nxe4
16.Bxe7 Nc3 17.bxc3 Rxe7 18.cxb6 Nxb6 19.Rd4 Rc8 20.Rad1 f6 21.Re4 e5 22.Nh4 Nxc4
23.Rxc4 Qxc4 24.Rd8+ Kf7 25.Qh5+ g6 26.Qxh7+  1-0

[Event "Groningen PCA"]
[Site "Groningen"]
[Date "1993.??.??"]
[Round "2"]
[White "Van Wely, Loek"]
[Black "Gurevich, Mikhail"]
[Result "1/2-1/2"]
[WhiteElo "2585"]
[BlackElo "2605"]

1.d4 Nf6 2.c4 e6 3.Nf3 b6 4.g3 Ba6 5.Nbd2 Bb7 6.Bg2 c5 7.e4 cxd4 8.e5 Ne4
9.O-O Nxd2 10.Bxd2 Qc7 11.Bf4 Bxf3 12.Bxf3 Nc6 13.Bxc6 dxc6 14.Qxd4 Rd8 15.Qe4 Be7
16.h4 O-O 17.h5 Rd7 18.Rad1 Rfd8 19.Rxd7 Qxd7 20.Kg2 c5 21.b3 Qd3 22.Qb7 Qd7
23.Qxd7 Rxd7 24.Kf3 f5 25.exf6 gxf6 26.g4 Kf7 27.Rg1 a5 28.Ke2 a4 29.Bd2 axb3
30.axb3 Ra7 31.f4 h6 32.Rf1 Kg7 33.Rf3 Ra1 34.g5 Rh1 35.gxh6+ Kf7 36.Rd3 Ke8
37.Rg3 Rxh5 38.Rg6 Bf8 39.Rxf6 Rxh6 40.Rxh6 Bxh6 41.Be3  1/2-1/2

[Event "Groningen PCA"]
[Site "Groningen"]
[Date "1993.??.??"]
[Round "5"]
[White "Gurevich, Mikhail"]
[Black "Hjartarson, Johann"]
[Result "1-0"]
[WhiteElo "2605"]
[BlackElo "2605"]

1.d4 Nf6 2.c4 e6 3.Nf3 d5 4.Nc3 Be7 5.Bg5 h6 6.Bh4 O-O 7.cxd5 Nxd5 8.Bxe7 Qxe7
9.Qb3 Nxc3 10.Qxc3 b6 11.Rc1 c6 12.e3 Bb7 13.Be2 Nd7 14.O-O c5 15.dxc5 Nxc5
16.b4 Ne4 17.Qc7 Qxc7 18.Rxc7 Bd5 19.Ba6 Nf6 20.Ne5 Bxa2 21.e4 Rad8 22.f3 Rd2
23.Rfc1 Nh5 24.Rxa7 Nf4 25.Bf1 Rxg2+ 26.Bxg2 Ne2+ 27.Kf2 Nxc1 28.Bf1 Rd8
29.Rxf7 Rd2+ 30.Kg3 Rd1 31.Bb5 Rd4 32.Rc7 Rxb4 33.Rc8+ Kh7 34.Be8 Ne2+ 35.Kg4 g5
36.Rc7+ Kg8 37.Kh5 Kf8 38.Bc6  1-0

[Event "Groningen PCA"]
[Site "Groningen"]
[Date "1993.??.??"]
[Round "6"]
[White "Malaniuk, Vladimir P"]
[Black "Gurevich, Mikhail"]
[Result "1/2-1/2"]
[WhiteElo "2635"]
[BlackElo "2605"]

1.d4 d5 2.c4 c6 3.e3 Nf6 4.Nf3 Bf5 5.Nc3 e6 6.Nh4 Be4 7.f3 Bg6 8.Qb3 Qc7
9.g3 Nbd7 10.Bd2 Nb6 11.Nxg6 hxg6 12.cxd5 exd5 13.O-O-O  1/2-1/2

[Event "Groningen PCA"]
[Site "Groningen"]
[Date "1993.??.??"]
[Round "11"]
[White "Lutz, Christopher"]
[Black "Gurevich, Mikhail"]
[Result "1/2-1/2"]
[WhiteElo "2605"]
[BlackElo "2605"]

1.d4 Nf6 2.c4 e6 3.Nf3 b6 4.g3 Ba6 5.b3 Bb7 6.Bg2 Bb4+ 7.Bd2 Be7 8.O-O O-O
9.Nc3 d5 10.cxd5 exd5 11.Qc2 Na6 12.Rfd1 Qd7 13.Bf4  1/2-1/2

[Event "Antwerp op"]
[Site "Antwerp"]
[Date "1994.??.??"]
[Round "3"]
[White "Hector, Jonny"]
[Black "Gurevich, Mikhail"]
[Result "1-0"]
[WhiteElo "2530"]
[BlackElo "2620"]

1.e4 e6 2.d4 d5 3.Nc3 Nf6 4.Bg5 dxe4 5.Nxe4 Be7 6.Bxf6 Bxf6 7.Nf3 O-O 8.c3 Nd7
9.Qc2 e5 10.d5 Be7 11.O-O-O Bd6 12.h4 Nf6 13.Nfg5 g6 14.f3 Nh5 15.g4 Nf4
16.h5 f5 17.Nxh7 fxe4 18.hxg6 Rf6 19.Ng5 Nxg6 20.Nxe4 Rf7 21.Rh6 Rg7 22.Qh2 Qf8
23.Qh5 Qxf3 24.Rxg6 Qxe4 25.Bd3 Qf4+ 26.Kb1 Qxg4 27.Rxg4 Bxg4 28.Bh7+ Kh8
29.Qh4 Be7 30.Qh2 Rxh7 31.Qxe5+ Rg7 32.Rg1 Bd6 33.Qf6 Be7 34.Qh6+ Kg8 35.Rxg4 Rxg4
36.Qe6+ Kh7 37.Qxg4 Bd6 38.Qd7+ Kg6 39.Qb5 b6 40.Qa6 Kf6 41.Qb7 Rf8 42.Qxa7 Ke5
43.Qb7 Rf1+ 44.Kc2 Rf2+ 45.Kb3 Rd2 46.c4 Kd4 47.Qc6 Rg2 48.a3 Kd3 49.Qe8 Kd4
50.Qa4 Be5 51.c5+ Ke3 52.cxb6 cxb6 53.Qd7 Rxb2+ 54.Kc4 Rc2+ 55.Kb5 Kd4 56.Qg4+ Kc3
57.Kxb6 Bd6 58.a4 Rd2 59.Qe6 Bh2 60.a5 Rb2+ 61.Kc6 Kb4 62.Qe1+  1-0

[Event "Antwerp op"]
[Site "Antwerp"]
[Date "1994.??.??"]
[Round "7"]
[White "Claesen, Pieter"]
[Black "Gurevich, Mikhail"]
[Result "0-1"]
[WhiteElo "2275"]
[BlackElo "2620"]

1.c4 e5 2.Nc3 Nf6 3.Nf3 Nc6 4.g3 d5 5.cxd5 Nxd5 6.Bg2 Nb6 7.O-O Be7 8.Rb1 g5
9.d4 exd4 10.Nb5 Bf5 11.Ra1 Be4 12.Nbxd4 Nxd4 13.Qxd4 Qxd4 14.Nxd4 Bxg2 15.Kxg2 O-O-O
16.Nf3 Rhg8 17.Be3 Bf6 18.Rad1 Rxd1 19.Rxd1 g4 20.Nd4 Rd8 21.Rd3 Nc4 22.b3 Nxe3+
23.fxe3 Rd5 24.h3 h5 25.hxg4 hxg4 26.a4 c6 27.Kf2 a6 28.Kg2 Kc7 29.Rd1 Be5
30.Rh1 Kb6 31.Rh7 Rd7 32.Nc2 Bc3 33.Kf2 Kc5 34.e4 Rd2 35.Rh5+ Kd6 36.Na3 b5
37.axb5 axb5 38.Rxb5 cxb5 39.Nxb5+ Ke5 40.Nxc3 Kd4 41.Nd5 Kxe4 42.Ne3 f5
43.Ng2 Rb2 44.Nf4 Rxb3 45.Ne6 Ra3 46.Nf4 Ra5 47.Ng2 Kd4 48.Nh4 Re5 49.Ng6 Re6
50.Nh4 Kc3 51.Ke1 Re5 52.Ng2 Kc2 53.Nh4 Rb5 54.Ng2 Rb3 55.Nh4 Rb5 56.Ng2 Rb1+
57.Kf2 Kd2 58.Ne3 Rb5 59.Nc4+ Kc3 60.Nd6 Rd5 61.Ne8 Kd2 62.Nf6 Re5 63.e4 fxe4
64.Nxg4 Rf5+  0-1

[Event "Antwerp op"]
[Site "Antwerp"]
[Date "1994.??.??"]
[Round "8"]
[White "Gurevich, Mikhail"]
[Black "Hellsten, Johan"]
[Result "1-0"]
[WhiteElo "2620"]
[BlackElo "2380"]

1.d4 d5 2.c4 c6 3.e3 Nf6 4.Nc3 a6 5.a4 g6 6.Nf3 Bg7 7.Be2 O-O 8.O-O c5 9.dxc5 dxc4
10.Qxd8 Rxd8 11.Bxc4 Nbd7 12.Rd1 Rf8 13.e4 Nxc5 14.e5 Ng4 15.Bf4 Be6 16.Nd5 Bxd5
17.Bxd5 e6 18.b4 exd5 19.bxc5 Rfe8 20.Rxd5 f6 21.Rb1 fxe5 22.Bg5 h6 23.h3 e4
24.hxg4 exf3 25.Be3 Re7 26.gxf3 Rf8 27.Kg2 Kh7 28.Rd6 Rf6 29.Rxf6 Bxf6 30.Rb6 Bg7
31.c6 bxc6 32.Rxc6 a5 33.Rc5 Re5 34.Rc7 Rd5 35.f4 h5 36.f5 gxf5 37.gxh5 f4
38.Bxf4 Rxh5 39.Bd2 Kg6 40.Ra7 Rf5 41.Rxa5  1-0

[Event "Antwerp op"]
[Site "Antwerp"]
[Date "1994.??.??"]
[Round "9"]
[White "Blatny, Pavel"]
[Black "Gurevich, Mikhail"]
[Result "1/2-1/2"]
[WhiteElo "2485"]
[BlackElo "2620"]

1.Nf3 d6 2.e4 Nf6 3.Nc3 g6 4.d4 Bg7 5.Be2 O-O 6.O-O Bg4 7.Be3 Nc6 8.d5 Bxf3
9.Bxf3 Ne5 10.Be2 c6 11.f4 Ned7 12.dxc6 bxc6 13.Qd3 Qa5 14.a3 Rfb8 15.b4 Qc7
16.Bf3 a6 17.Rfd1 Rd8 18.Na4 Ne8 19.Rac1 a5 20.Qb3 axb4 21.axb4 e5 22.g3 Rab8
23.c4 Nc5 24.Nxc5 dxc5 25.Rxd8 Qxd8 26.b5 Qb6 27.Be2 Nc7 28.f5 gxf5 29.exf5 e4
30.Kg2 Ne8 31.Qa4 Bd4 32.Bf4 Rc8 33.Qa6 Qd8 34.bxc6 Ra8 35.c7 Qc8 36.Qb6 Nxc7
37.Qxc7 Qxf5 38.Kh1 h5 39.Rf1 Ra2 40.Bd2 Qg6 41.Qf4 e3 42.Bd3 Qe6 43.Be1 e2
44.Rf3 Ra1 45.Qd2 Rd1 46.Qa5 Ra1 47.Qd8+ Kg7 48.Qg5+ Kf8 49.Qd8+ Kg7 50.Qg5+ Kf8
51.Kg2 Rxe1 52.Qd8+ Kg7 53.Qg5+ Kf8 54.Qd8+ Kg7 55.Qg5+ Kf8 56.Qd8+ Kg7 57.Qg5+  1/2-1/2

[Event "Cap d'Agde op"]
[Site "Cap d'Agde"]
[Date "1994.??.??"]
[Round "?"]
[White "Gurevich, Mikhail"]
[Black "Ninov, Kiril"]
[Result "1-0"]
[WhiteElo "2620"]
[BlackElo "2415"]

1.c4 c5 2.g3 g6 3.Bg2 Bg7 4.Nc3 Nf6 5.d3 O-O 6.Bg5 Nc6 7.Qd2 d6 8.Rb1 Rb8
9.a3 Nd4 10.b4 Bd7 11.Nf3 Bc6 12.e4 Ng4 13.h3 Nxf3+ 14.Bxf3 Ne5 15.Bg2 b5
16.cxb5 Bxb5 17.Nxb5 Rxb5 18.O-O cxb4 19.Rxb4 Rxb4 20.Qxb4 Nxd3 21.Qb7 Qb6
22.Qxb6 axb6 23.Bxe7 Rc8 24.Rd1 Rc3 25.Bf1 Nc5 26.Rxd6 h5 27.Rxb6 Bd4 28.Bf6 Bxf6
29.Rxf6 Nxe4 30.Ra6 Kg7 31.Ra7 g5 32.a4 h4 33.gxh4 gxh4 34.Re7 Nd2 35.Be2 Rxh3
36.Rd7 Ne4 37.Rd3 Rxd3 38.Bxd3  1-0

[Event "Cap d'Agde op"]
[Site "Cap d'Agde"]
[Date "1994.??.??"]
[Round "?"]
[White "Rausis, Igors"]
[Black "Gurevich, Mikhail"]
[Result "1/2-1/2"]
[WhiteElo "2485"]
[BlackElo "2620"]

1.d4 Nf6 2.Nf3 e6 3.c4 b6 4.g3 Ba6 5.b3 Bb4+ 6.Bd2 Be7 7.Bg2 c6 8.O-O d5
9.Ne5 Nfd7 10.Nxd7 Nxd7 11.Bc3 Rc8 12.Nd2 O-O 13.e4 b5 14.Re1 bxc4 15.bxc4 dxc4
16.Qa4 Bb5 17.Qc2 Re8 18.a4 Ba6 19.Red1 Bf8 20.Qa2 c5 21.d5 exd5 22.exd5 Ne5
23.Bxe5 Rxe5 24.Nxc4 Re8 25.Rac1 Qf6 26.Bf1 Rb8 27.Rc2 Re4 28.Na5 Bxf1 29.Rxf1 Rbb4
30.Nc6 Rxa4 31.Qb3 g6 32.Rcc1 Ra6 33.Rcd1 Rb6 34.Qc2 Re8 35.Rd2 Rb7 36.Rfd1 Bd6
37.Qa4 Kf8 38.Qa6 Rd7 39.Re2 Rxe2 40.Qxe2 Rb7 41.Kg2 Rb2 42.Qe3 Ra2 43.Rb1 Kg8
44.Rb3 Qf5 45.Qe8+ Kg7 46.Rf3 Qxd5 47.Nd8 Ra3 48.Qxf7+ Qxf7 49.Rxf7+ Kg8
50.Rd7 Ra6 51.Nf7 Bf8 52.Ne5 Ra2 53.Kf3 c4 54.Nxc4 Bc5 55.Nd2 Kf8 56.Ne4 Be7
57.Kf4 Ra5 58.h4 Rf5+ 59.Ke3 a5 60.Ra7 Rd5 61.f4 Rb5 62.Kd4 Rb4+ 63.Ke5 a4
64.Ra8+ Kf7 65.Ng5+ Bxg5 66.hxg5 Rb5+  1/2-1/2

[Event "Elenite"]
[Site "Elenite"]
[Date "1994.??.??"]
[Round "1"]
[White "Epishin, Vladimir"]
[Black "Gurevich, Mikhail"]
[Result "1-0"]
[WhiteElo "2650"]
[BlackElo "2620"]

1.d4 d6 2.c4 f5 3.g3 Nf6 4.Bg2 g6 5.Nh3 Bg7 6.Nc3 O-O 7.Bg5 c6 8.Qd2 e5 9.d5 c5
10.e4 Nbd7 11.exf5 gxf5 12.O-O Qe7 13.Rae1 Qf7 14.Bh6 Nb6 15.Bxg7 Qxg7 16.f4 e4
17.b3 Bd7 18.Nf2 Nc8 19.Kh1 Ne7 20.Rg1 Rae8 21.Ncd1 Kh8 22.Ne3 a6 23.Bf1 Rb8
24.Be2 Rfc8 25.g4 fxg4 26.Nexg4 Bf5 27.Ne3 Qf7 28.Qc3 h6 29.Bg4 Bxg4 30.Nexg4 Ng8
31.Nxe4 Rf8 32.Nexf6  1-0

[Event "Elenite"]
[Site "Elenite"]
[Date "1994.??.??"]
[Round "4"]
[White "Georgiev, Kiril"]
[Black "Gurevich, Mikhail"]
[Result "1-0"]
[WhiteElo "2615"]
[BlackElo "2620"]

1.d4 Nf6 2.c4 e6 3.g3 d5 4.Bg2 Bb4+ 5.Bd2 Be7 6.Nf3 c6 7.Qc2 b6 8.Ne5 Bb7
9.O-O O-O 10.Bf4 Nfd7 11.Nd3 Na6 12.cxd5 cxd5 13.Qa4 Rc8 14.Na3 Ndb8 15.Rfc1 Qe8
16.Qxe8 Rfxe8 17.Nb5 Nc6 18.e4 Rcd8 19.exd5 exd5 20.Ne5 Nxe5 21.Bxe5 f6 22.Bf4 g5
23.Be3 Bd6 24.Nxa7 Nc7 25.Bf1 h6 26.Bd3 Kf7 27.Rc3 Ra8 28.Nb5 Nxb5 29.Bxb5 Red8
30.Rac1 Ke6 31.a3 Ba6 32.Bxa6 Rxa6 33.Rc6 Kd7 34.Bd2 Rb8 35.Bb4 Bxb4 36.axb4 Ra4
37.Rc7+ Ke6 38.g4 Rd8 39.Re1+ Kd6 40.Rf7 Rxb4 41.Rxf6+ Kc7 42.Rxh6 Rxd4 43.h3 Rc4
44.Re7+ Kc8 45.Rxb6 d4 46.Ra6 Kb8 47.Rb6+ Kc8 48.Reb7 Rd5 49.Rb5 Rd6 50.R7b6 Kc7
51.Rxd6 Kxd6 52.Kf1 Rc2 53.Ke1 Ke6 54.b4 d3 55.Rf5 Rb2 56.b5 Re2+ 57.Kd1 Rb2
58.f3 Rf2 59.b6 Kd7 60.Rd5+ Kc6 61.Rxd3 Kxb6 62.Ke1 Rh2 63.Rd5  1-0

[Event "PCA-op"]
[Site "New York"]
[Date "1994.??.??"]
[Round "3"]
[White "Van Wely, Loek"]
[Black "Gurevich, Mikhail"]
[Result "1-0"]
[WhiteElo "2560"]
[BlackElo "2620"]

1.d4 Nf6 2.c4 e6 3.Nf3 d5 4.Nc3 c6 5.Bg5 h6 6.Bxf6 Qxf6 7.e3 Nd7 8.Bd3 dxc4
9.Bxc4 Bd6 10.O-O Qe7 11.Ne4 Bc7 12.a3 O-O 13.Rc1 Rd8 14.Qe2 a5 15.Rcd1 Rb8
16.Ba2 Nf8 17.Ne5 f6 18.Nc4 b6 19.Ncd2 Bb7 20.Qc4 c5 21.Qc2 Bd5 22.Bxd5 exd5
23.Nc3 cxd4 24.exd4 Bf4 25.Qf5 Bxd2 26.Rxd2 Rbc8 27.g3 Qd7 28.Qxd7 Rxd7 29.Re1 Kf7
30.Rde2 Rc6 31.Nb5 Ne6 32.f4 Nc7 33.Na7 Re6 34.f5 Rxe2 35.Rxe2 h5 36.Rc2 g6
37.Rc6 gxf5 38.Rxb6 Ne6 39.Nb5 f4 40.Ra6 fxg3 41.hxg3 f5 42.Rxa5 f4 43.Kf2 fxg3+
44.Kxg3 Kf6 45.Nc3 Nxd4 46.Nxd5+ Kf7 47.Nf4 Rb7 48.b4 Nc2 49.Nd3 Rc7 50.Nc5 Rc6
51.Kh4 Rb6 52.Na6 Re6 53.b5 Re4+ 54.Kh3 Re3+ 55.Kg2 Nxa3 56.b6 Rb3 57.b7 Rxb7
58.Rxa3  1-0

[Event "EUCup Gr2"]
[Site "Strasbourg"]
[Date "1994.??.??"]
[Round "?"]
[White "Gurevich, Mikhail"]
[Black "Azmaiparashvili, Zurab"]
[Result "1/2-1/2"]
[WhiteElo "2620"]
[BlackElo "2625"]

1.d4 Nf6 2.c4 c5 3.d5 b5 4.cxb5 a6 5.bxa6 g6 6.Nc3 Bxa6 7.e4 Bxf1 8.Kxf1 d6
9.Nf3 Bg7 10.g3 O-O 11.Kg2 Qb6 12.Re1 Nbd7 13.h3 Rfb8 14.Re2 Qa6 15.Rb1 Ne8
16.Bd2 c4 17.Be3 Rb7 18.Bd4 Bh6 19.e5 dxe5 20.Nxe5 Nxe5 21.Rxe5 Nd6 22.Qg4 Nb5
23.Nxb5 Qxb5 24.a4 Qd7 25.Qxd7 Rxd7  1/2-1/2